|
|
|
|
| LEADER |
00000nam a2200000 a 4500 |
| 001 |
vtls001272476 |
| 003 |
SK-MaSNL |
| 005 |
20260301195409.0 |
| 008 |
251029s1970 hu o b 0 100 hun |
| 035 |
|
|
|a SNK000223615
|
| 040 |
|
|
|a SNK
|b slo
|c SNK
|e AACR2
|
| 041 |
|
|
|a hun
|a lat
|
| 044 |
|
|
|a hu
|c HU
|
| 080 |
|
|
|a 37(439)(01)
|2 2001
|
| 245 |
0 |
|
|a Comenius
|b Magyarországon kiadott műveinek lelőhelybibliográfiája
|c gyüjtötte Berlász Piroska, Horánszky Nándor
|
| 246 |
3 |
1 |
|a Bibliographia operum Comenii in Hungaria typis mandatorum ad loca ubi asservantur composita
|
| 260 |
|
|
|a Budapest
|b Országos Pedagógiai Könyvtár és Múzeum
|c 1970
|
| 300 |
|
|
|a 91 s.
|b Fotogr.
|c 8°
|
| 490 |
1 |
|
|a Neveléstörténeti bibliográfiák
|v 1
|
| 600 |
1 |
7 |
|a Komenský, Jan Amos,
|d 1592-1670
|2 SNKPH
|9 10137
|
| 651 |
|
7 |
|a Maďarsko
|2 SNKPH
|9 16754
|
| 655 |
|
7 |
|a bibliografie
|2 SNKPH
|9 28668
|
| 700 |
1 |
|
|a Horánszky, Nándor,
|d 1938-
|4 com
|9 84965
|
| 700 |
1 |
|
|a Berlász, Piroska
|4 com
|9 577281
|
| 830 |
|
0 |
|a Neveléstörténeti bibliográfiák
|9 577282
|
| 958 |
|
|
|a OND
|
| 999 |
|
|
|c 885519
|d 887449
|
| 952 |
|
|
|t P60, <04>, [BOOK], {604}
|a SNK
|b SNK
|y VYP
|7 0
|o snkIC 47881
|i snkV 136/71
|0 0
|1 0
|4 0
|d 1997-01-20
|l 0
|r 2005-01-01 00:00:00
|w 2026-02-24
|
| 952 |
|
|
|t P60, <04>, [BOOK], {604}
|a SNK
|b SNK
|y VYP
|7 0
|o snkIC 47881 D1
|i snkV 1231/71
|0 0
|1 0
|4 0
|d 1997-01-20
|l 0
|r 2005-01-01 00:00:00
|w 2026-02-24
|